<?xml version="1.0" encoding="UTF-8"?>
<record
    xmlns:xsi="http://www.w3.org/2001/XMLSchema-instance"
    xsi:schemaLocation="http://www.loc.gov/MARC21/slim http://www.loc.gov/standards/marcxml/schema/MARC21slim.xsd"
    xmlns="http://www.loc.gov/MARC21/slim">

  <leader>01593nam a22002897a 4500</leader>
  <datafield tag="999" ind1=" " ind2=" ">
    <subfield code="c">55195</subfield>
    <subfield code="d">55195</subfield>
  </datafield>
  <controlfield tag="005">20221122112233.0</controlfield>
  <controlfield tag="008">      s2549    th                  tha d</controlfield>
  <datafield tag="020" ind1=" " ind2=" ">
    <subfield code="a">9749575997</subfield>
  </datafield>
  <datafield tag="040" ind1=" " ind2=" ">
    <subfield code="a">NALT</subfield>
  </datafield>
  <datafield tag="041" ind1=" " ind2=" ">
    <subfield code="a">tha</subfield>
  </datafield>
  <datafield tag="050" ind1=" " ind2=" ">
    <subfield code="a">DS 589.P31 </subfield>
    <subfield code="b">&#xE2D;746&#xE1B; 2549</subfield>
  </datafield>
  <datafield tag="100" ind1="1" ind2=" ">
    <subfield code="a">&#xE2D;&#xE34;&#xE1A;&#xE23;&#xE2D;&#xE2E;&#xE34;&#xE21; &#xE0A;&#xE38;&#xE01;&#xE23;&#xE35; </subfield>
    <subfield code="9">38614</subfield>
  </datafield>
  <datafield tag="245" ind1="1" ind2="0">
    <subfield code="a">&#xE1B;&#xE23;&#xE30;&#xE27;&#xE31;&#xE15;&#xE34;&#xE23;&#xE32;&#xE0A;&#xE2D;&#xE32;&#xE13;&#xE32;&#xE08;&#xE31;&#xE01;&#xE23;&#xE21;&#xE25;&#xE32;&#xE22;&#xE39;&#xE1B;&#xE30;&#xE15;&#xE32;&#xE19;&#xE35; /</subfield>
    <subfield code="c">&#xE2D;&#xE34;&#xE1A;&#xE23;&#xE2D;&#xE2E;&#xE34;&#xE21; &#xE0A;&#xE38;&#xE01;&#xE23;&#xE35; ; &#xE2B;&#xE30;&#xE2A;&#xE31;&#xE19; &#xE2B;&#xE21;&#xE31;&#xE14;&#xE2B;&#xE21;&#xE32;&#xE19; &#xE41;&#xE25;&#xE30; &#xE21;&#xE30;&#xE2B;&#xE32;&#xE21;&#xE30;&#xE0A;&#xE32;&#xE01;&#xE35; &#xE40;&#xE08;&#xE4A;&#xE30;&#xE2B;&#xE30;, &#xE41;&#xE1B;&#xE25; ; &#xE14;&#xE25;&#xE21;&#xE19;&#xE23;&#xE23;&#xE08;&#xE19;&#xE4C; &#xE1A;&#xE32;&#xE01;&#xE32; &#xE40;&#xE23;&#xE35;&#xE22;&#xE1A;&#xE40;&#xE23;&#xE35;&#xE22;&#xE07;. </subfield>
  </datafield>
  <datafield tag="246" ind1="1" ind2="4">
    <subfield code="a">&#xE1B;&#xE23;&#xE30;&#xE27;&#xE31;&#xE15;&#xE34;&#xE28;&#xE32;&#xE2A;&#xE15;&#xE23;&#xE4C;&#xE23;&#xE32;&#xE0A;&#xE2D;&#xE32;&#xE13;&#xE32;&#xE08;&#xE31;&#xE01;&#xE23;&#xE21;&#xE25;&#xE32;&#xE22;&#xE39;&#xE1B;&#xE30;&#xE15;&#xE32;&#xE19;&#xE35;.</subfield>
  </datafield>
  <datafield tag="260" ind1=" " ind2=" ">
    <subfield code="a">&#xE40;&#xE0A;&#xE35;&#xE22;&#xE07;&#xE43;&#xE2B;&#xE21;&#xE48; : </subfield>
    <subfield code="b">&#xE0B;&#xE34;&#xE25;&#xE04;&#xE4C;&#xE40;&#xE27;&#xE2D;&#xE23;&#xE4C;&#xE21; &#xE1A;&#xE38;&#xE04;&#xE2A;&#xE4C;, </subfield>
    <subfield code="c">2549.</subfield>
  </datafield>
  <datafield tag="300" ind1=" " ind2=" ">
    <subfield code="a">95 &#xE2B;&#xE19;&#xE49;&#xE32; ;</subfield>
    <subfield code="b"> </subfield>
    <subfield code="c">21 &#xE0B;&#xE21;.</subfield>
  </datafield>
  <datafield tag="650" ind1=" " ind2="4">
    <subfield code="a">&#xE21;&#xE38;&#xE2A;&#xE25;&#xE34;&#xE21;</subfield>
    <subfield code="9">38617</subfield>
    <subfield code="z">&#xE1B;&#xE31;&#xE15;&#xE15;&#xE32;&#xE19;&#xE35; </subfield>
  </datafield>
  <datafield tag="650" ind1=" " ind2="4">
    <subfield code="a">&#xE23;&#xE32;&#xE0A;&#xE27;&#xE07;&#xE28;&#xE4C;&#xE23;&#xE32;&#xE22;&#xE32;&#xE1B;&#xE30;&#xE15;&#xE32;&#xE19;&#xE35; </subfield>
    <subfield code="9">38618</subfield>
  </datafield>
  <datafield tag="651" ind1=" " ind2="0">
    <subfield code="a">&#xE1B;&#xE31;&#xE15;&#xE15;&#xE32;&#xE19;&#xE35;</subfield>
    <subfield code="x">&#xE1B;&#xE23;&#xE30;&#xE27;&#xE31;&#xE15;&#xE34;&#xE28;&#xE32;&#xE2A;&#xE15;&#xE23;&#xE4C;</subfield>
    <subfield code="9">20642</subfield>
  </datafield>
  <datafield tag="651" ind1=" " ind2="4">
    <subfield code="9">24083</subfield>
    <subfield code="a">&#xE1B;&#xE31;&#xE15;&#xE15;&#xE32;&#xE19;&#xE35;</subfield>
    <subfield code="x">&#xE01;&#xE32;&#xE23;&#xE40;&#xE21;&#xE37;&#xE2D;&#xE07;&#xE41;&#xE25;&#xE30;&#xE01;&#xE32;&#xE23;&#xE1B;&#xE01;&#xE04;&#xE23;&#xE2D;&#xE07;</subfield>
  </datafield>
  <datafield tag="700" ind1="1" ind2=" ">
    <subfield code="9">38615</subfield>
    <subfield code="a">&#xE2B;&#xE30;&#xE2A;&#xE31;&#xE19; &#xE2B;&#xE21;&#xE31;&#xE14;&#xE2B;&#xE21;&#xE32;&#xE19; </subfield>
  </datafield>
  <datafield tag="700" ind1="1" ind2=" ">
    <subfield code="9">38616</subfield>
    <subfield code="a">&#xE21;&#xE30;&#xE2B;&#xE32;&#xE21;&#xE30;&#xE0A;&#xE32;&#xE01;&#xE35; &#xE40;&#xE08;&#xE4A;&#xE30;&#xE2B;&#xE30;</subfield>
  </datafield>
  <datafield tag="700" ind1="0" ind2=" ">
    <subfield code="a">&#xE14;&#xE25;&#xE21;&#xE19;&#xE23;&#xE23;&#xE08;&#xE19;&#xE4C; &#xE1A;&#xE32;&#xE01;&#xE32;</subfield>
    <subfield code="9">29289</subfield>
  </datafield>
  <datafield tag="850" ind1=" " ind2=" ">
    <subfield code="a">NALT</subfield>
  </datafield>
  <datafield tag="942" ind1=" " ind2=" ">
    <subfield code="c">GB</subfield>
    <subfield code="2">lcc</subfield>
  </datafield>
  <datafield tag="998" ind1=" " ind2=" ">
    <subfield code="j">104</subfield>
    <subfield code="k"> &#xE19;&#xE32;&#xE07;&#xE2A;&#xE32;&#xE27;&#xE2A;&#xE32;&#xE22;&#xE1D;&#xE19;  &#xE14;&#xE35;&#xE07;&#xE32;&#xE21;</subfield>
  </datafield>
  <datafield tag="952" ind1=" " ind2=" ">
    <subfield code="0">0</subfield>
    <subfield code="1">0</subfield>
    <subfield code="2">lcc</subfield>
    <subfield code="4">0</subfield>
    <subfield code="7">0</subfield>
    <subfield code="8">CGBL</subfield>
    <subfield code="a">NALT</subfield>
    <subfield code="b">NALT</subfield>
    <subfield code="e">&#xE08;&#xE31;&#xE14;&#xE0B;&#xE37;&#xE49;&#xE2D;&#xE17;&#xE23;&#xE31;&#xE1E;&#xE22;&#xE32;&#xE01;&#xE23;</subfield>
    <subfield code="g">125.00</subfield>
    <subfield code="l">0</subfield>
    <subfield code="o">DS 589.P31 &#xE2D;746&#xE1B; 2549</subfield>
    <subfield code="p">3961172454</subfield>
    <subfield code="r">2017-06-09 00:00:00</subfield>
    <subfield code="t">&#xE09;. 1</subfield>
    <subfield code="v">175.00</subfield>
    <subfield code="w">2017-06-09</subfield>
    <subfield code="y">GB</subfield>
  </datafield>
  <datafield tag="952" ind1=" " ind2=" ">
    <subfield code="0">0</subfield>
    <subfield code="1">0</subfield>
    <subfield code="2">lcc</subfield>
    <subfield code="4">0</subfield>
    <subfield code="7">0</subfield>
    <subfield code="8">CGBL</subfield>
    <subfield code="a">NALT</subfield>
    <subfield code="b">NALT</subfield>
    <subfield code="e">&#xE08;&#xE31;&#xE14;&#xE0B;&#xE37;&#xE49;&#xE2D;&#xE17;&#xE23;&#xE31;&#xE1E;&#xE22;&#xE32;&#xE01;&#xE23;</subfield>
    <subfield code="g">125.00</subfield>
    <subfield code="l">0</subfield>
    <subfield code="o">DS 589.P31 &#xE2D;746&#xE1B; 2549</subfield>
    <subfield code="p">3961172455</subfield>
    <subfield code="r">2017-06-09 00:00:00</subfield>
    <subfield code="t">&#xE09;. 2</subfield>
    <subfield code="v">175.00</subfield>
    <subfield code="w">2017-06-09</subfield>
    <subfield code="y">GB</subfield>
  </datafield>
</record>
